| 000 | 00492nam a2200193Ia 4500 | ||
|---|---|---|---|
| 008 | 240510s9999 xx 000 0 und d | ||
| 020 | _a0000792381653 | ||
| 041 | _aEng | ||
| 082 | _a005.117 | ||
| 082 | _bA21 | ||
| 100 | _aADAMO, J.M. | ||
| 245 | 0 | _aMULTI-THREADED OBJECT- ORIENTED MPI-BASED MASSAGE PASSING INTERFACE:THE ARCH LIBRARY | |
| 260 | _bLONDON : KLUWER | ||
| 260 | _c1998 | ||
| 300 | _a185 p. | ||
| 650 | _aOBJECT ORIENTED PROGRAMMING | ||
| 942 | _2ddc | ||
| 942 | _cLBK | ||
| 999 |
_c26019 _d26019 |
||
| 945 |
_a1 _bMadushi Gamage _c1 _dMadushi Gamage |
||